<?xml version="1.0" encoding="UTF-8"?><?xml-stylesheet type="text/xsl" href="static/style.xsl"?><OAI-PMH xmlns="http://www.openarchives.org/OAI/2.0/" xmlns:xsi="http://www.w3.org/2001/XMLSchema-instance" xsi:schemaLocation="http://www.openarchives.org/OAI/2.0/ http://www.openarchives.org/OAI/2.0/OAI-PMH.xsd"><responseDate>2026-04-17T01:26:00Z</responseDate><request verb="GetRecord" identifier="oai:www.recercat.cat:2099.1/22527" metadataPrefix="marc">https://recercat.cat/oai/request</request><GetRecord><record><header><identifier>oai:recercat.cat:2099.1/22527</identifier><datestamp>2026-01-15T11:14:26Z</datestamp><setSpec>com_2072_1033</setSpec><setSpec>col_2072_452951</setSpec></header><metadata><record xmlns="http://www.loc.gov/MARC21/slim" xmlns:dcterms="http://purl.org/dc/terms/" xmlns:xsi="http://www.w3.org/2001/XMLSchema-instance" xmlns:doc="http://www.lyncode.com/xoai" xsi:schemaLocation="http://www.loc.gov/MARC21/slim http://www.loc.gov/standards/marcxml/schema/MARC21slim.xsd">
   <leader>00925njm 22002777a 4500</leader>
   <datafield ind2=" " ind1=" " tag="042">
      <subfield code="a">dc</subfield>
   </datafield>
   <datafield ind2=" " ind1=" " tag="720">
      <subfield code="a">Borland Acosta, Eric</subfield>
      <subfield code="e">author</subfield>
   </datafield>
   <datafield ind2=" " ind1=" " tag="260">
      <subfield code="c">2014-07-29</subfield>
   </datafield>
   <datafield ind2=" " ind1=" " tag="520">
      <subfield code="a">[ANGLÈS] The fiber to the home (FTTH) is already implemented in our cities and new systems are being developed in order to get more profit of the high bandwidth of the fiber. Nowadays, the works have time division multiplexing (TDM) what does not actually use all available spectrum. Next generation will use wavelength division multiplexing (WDM) but this implies to redesign the user devices and to establish new monitor systems, due to the critic parameters.</subfield>
   </datafield>
   <datafield ind2=" " ind1=" " tag="520">
      <subfield code="a">[CASTELLÀ] El acceso por fibra óptica al hogar (FTTH) es ya una realidad implantada en nuestras ciudades y ahora se están desarrollando sistemas para aprovechar el amplio ancho de banda de la fibra. Actualmente, la multiplexación entre los usuarios es TDM, lo cual no aprovecha el espectro de la fibra. La siguiente generación usará WDM, pero ello requiere rediseñar los equipos de usuario y establecer un nuevo sistema de gestión y monitorización de la red, ya que hay distintos parámetros críticos.  </subfield>
   </datafield>
   <datafield ind2=" " ind1=" " tag="520">
      <subfield code="a">[CATALÀ] L’accés per fibra òptica a la llar (FTTH) és ja una realitat implantada en les nostres ciutats i ara s’estan desenvolupant sistemes per aprofitar l’ample de banda de la fibra. Actualment, la multiplexació entre els usuaris es TDM, per tant no s’aprofita completament l’espectre de la fibra. La següent generació utilitzarà WDM, però això requereix redissenyar els equips d’usuari i establir un nou sistema de gestió i monitoratge de la xarxa, degut als diferents paràmetres crítics. Recopilació de sistemes d’accés WDM, els seus paràmetres crítics i estratègies de monitoratge.</subfield>
   </datafield>
   <datafield tag="653" ind2=" " ind1=" ">
      <subfield code="a">Àrees temàtiques de la UPC::Enginyeria de la telecomunicació::Telecomunicació òptica::Fibra òptica</subfield>
   </datafield>
   <datafield tag="653" ind2=" " ind1=" ">
      <subfield code="a">Optical fibers</subfield>
   </datafield>
   <datafield tag="653" ind2=" " ind1=" ">
      <subfield code="a">Wavelength division multiplexing</subfield>
   </datafield>
   <datafield tag="653" ind2=" " ind1=" ">
      <subfield code="a">Optic fiber</subfield>
   </datafield>
   <datafield tag="653" ind2=" " ind1=" ">
      <subfield code="a">FTTH</subfield>
   </datafield>
   <datafield tag="653" ind2=" " ind1=" ">
      <subfield code="a">WDM-PON</subfield>
   </datafield>
   <datafield tag="653" ind2=" " ind1=" ">
      <subfield code="a">Monitor</subfield>
   </datafield>
   <datafield tag="653" ind2=" " ind1=" ">
      <subfield code="a">Telecommunications</subfield>
   </datafield>
   <datafield tag="653" ind2=" " ind1=" ">
      <subfield code="a">Fibra óptica</subfield>
   </datafield>
   <datafield tag="653" ind2=" " ind1=" ">
      <subfield code="a">Monitorización</subfield>
   </datafield>
   <datafield tag="653" ind2=" " ind1=" ">
      <subfield code="a">Telecomunicaciones</subfield>
   </datafield>
   <datafield tag="653" ind2=" " ind1=" ">
      <subfield code="a">Fibres òptiques</subfield>
   </datafield>
   <datafield tag="653" ind2=" " ind1=" ">
      <subfield code="a">Multiplexatge per divisió de freqüència</subfield>
   </datafield>
   <datafield ind2="0" ind1="0" tag="245">
      <subfield code="a">Sistema de monitorización de redes ópticas de acceso con multiplexación en longitud de onda</subfield>
   </datafield>
   <datafield ind2="0" ind1="0" tag="245">
      <subfield code="a">Monitor system for access optical networks with wavelength division multiplexing</subfield>
   </datafield>
   <datafield ind2="0" ind1="0" tag="245">
      <subfield code="a">Sistema de monitorage de xarxes óptiques d’accés amb multiplexació en longitud d’ona</subfield>
   </datafield>
</record></metadata></record></GetRecord></OAI-PMH>